000
00287nam a22001337a 4500
008
170904b xxu||||| |||| 00| 0 eng d
020
_a
131211706
041
_a
eng
080
_a
070
100
_a
40
101
_a
MED
245
_a
NEGOTIATING DIFFERNCE
_c
BIZZEL.P
942
_2
udc
_c
BK
999
_c
26001
_d
26001